[Event "SVK-chT1W 1920"]
[Site "Slovakia"]
[Date "2019.12.07"]
[Round "5.1"]
[White "Chovan, Milan"]
[Black "Cvek, Robert"]
[Result "0-1"]
[WhiteElo "2320"]
[BlackElo "2511"]
[PlyCount "74"]
[EventDate "2019.10.12"]
[EventType "team-tourn"]
[EventRounds "11"]
[EventCountry "SVK"]
[SourceTitle "CBM 193 Extra"]
[Source "ChessBase"]
[SourceDate "2020.01.31"]
[SourceVersion "1"]
[SourceVersionDate "2020.01.31"]
[SourceQuality "1"]
[WhiteTeam "Nitra NSK"]
[BlackTeam "Osuske"]
[WhiteTeamCountry "SVK"]
[BlackTeamCountry "SVK"]

1. d4 Nf6 2. c4 e6 3. Nc3 Bb4 4. Qc2 d6 5. Nf3 Nbd7 6. Bd2 b6 7. g3 Bb7 8. Bg2 0-0 9. 0-0 h6 10. Rfd1 Re8 11. a3 Bxc3 12. Bxc3 Be4 13. Qc1 a6 14. Nd2 Bxg2 15. Kxg2 d5 16. Qc2 Qb8 17. e4 dxe4 18. Nxe4 Qb7 19. f3 Nxe4 20. Qxe4 c6 21. a4 Rab8 22. Re1 b5 23. axb5 axb5 24. Qd3 bxc4 25. Qxc4 Nb6 26. Qa6 Qd7 27. Ra5 Nd5 28. Rea1 Nxc3 29. bxc3 Rb2+ 30. Kg1 e5 31. R5a2 Rxa2 32. Qxa2 exd4 33. Rd1 d3 34. Qc4 Re2 35. Rxd3 Qa7+ 36. Qd4 Qa2 37. Kf1 Rxh2 0-1

[Event "SVK-chT 1920"]
[Site "Slovakia"]
[Date "2019.10.19"]
[Round "1.3"]
[White "Vetoshko, Volodymyr"]
[Black "Chovan, Milan"]
[Result "1-0"]
[WhiteElo "2506"]
[BlackElo "2318"]
[PlyCount "61"]
[EventDate "2019.10.19"]
[EventType "team-tourn"]
[EventRounds "11"]
[EventCountry "SVK"]
[SourceTitle "CBM 192 Extra"]
[Source "Chessbase"]
[SourceDate "2019.11.06"]
[SourceVersion "1"]
[SourceVersionDate "2019.11.06"]
[SourceQuality "1"]
[WhiteTeam "Kosice Slavia UPJS"]
[BlackTeam "Podhajska Aquamarin"]
[WhiteTeamCountry "SVK"]
[BlackTeamCountry "SVK"]

1. e4 e5 2. Nf3 Nc6 3. Bc4 Nf6 4. d3 Be7 5. 0-0 0-0 6. Re1 d6 7. a4 Na5 8. Ba2 c5 9. c3 Nc6 10. Na3 Be6 11. Bxe6 fxe6 12. Nc2 Qd7 13. Ne3 d5 14. Qc2 Rad8 15. Bd2 Bd6 16. Rad1 Bb8 17. h3 Nh5 18. Ng4 d4 19. Ngh2 Bd6 20. cxd4 exd4 21. e5 Be7 22. Re4 g6 23. Ng4 Qd5 24. Bg5 Bxg5 25. Nxg5 Kg7 26. Qxc5 Qb3 27. Qc1 Ne7 28. Rde1 Rc8 29. Qd1 Qd5 30. Rxd4 Qc6 31. Rd6 1-0

[Event "SVK-chT 1819"]
[Site "Slovakia"]
[Date "2019.03.09"]
[Round "7.1"]
[White "Chovan, Milan"]
[Black "Turcel, Jozef"]
[Result "1-0"]
[WhiteElo "2332"]
[BlackElo "2033"]
[PlyCount "45"]
[EventDate "2018.11.10"]
[EventType "team-tourn"]
[EventRounds "11"]
[EventCountry "SVK"]
[SourceTitle "CBM 189 Extra"]
[Source "ChessBase"]
[SourceDate "2019.06.03"]
[SourceVersion "1"]
[SourceVersionDate "2019.06.03"]
[SourceQuality "1"]
[WhiteTeam "Podhajska Aquamarin"]
[BlackTeam "Zilina Mladost"]
[WhiteTeamCountry "SVK"]
[BlackTeamCountry "SVK"]

1. d4 Nf6 2. c4 g6 3. Nc3 d5 4. Bf4 Bg7 5. e3 0-0 6. Rc1 c5 7. dxc5 Qa5 8. cxd5 Rd8 9. Bc4 Be6 10. e4 Nxe4 11. Nge2 Nxf2 12. Qb3 Nxh1 13. dxe6 Qxc5 14. exf7+ Kf8 15. Ne4 Qa5+ 16. Kf1 h6 17. Kg1 Nc6 18. Kxh1 Nd4 19. Qe3 g5 20. Bxg5 Nxe2 21. Bxe7+ Kxe7 22. Nc5+ Kd6 23. Nxb7+ 1-0

[Event "SVK-chT1W 1819"]
[Site "Slovakia"]
[Date "2018.11.25"]
[Round "4.1"]
[White "Chovan, Milan"]
[Black "Karas, Marek"]
[Result "1/2-1/2"]
[WhiteElo "2329"]
[BlackElo "2243"]
[PlyCount "200"]
[EventDate "2018.10.27"]
[EventType "team-tourn"]
[EventRounds "11"]
[EventCountry "SVK"]
[SourceTitle "CBM 187 Extra"]
[Source "ChessBase"]
[SourceDate "2018.11.04"]
[SourceVersion "1"]
[SourceVersionDate "2018.11.04"]
[SourceQuality "1"]
[WhiteTeam "Nitra ASK"]
[BlackTeam "Bratislava KSN"]
[WhiteTeamCountry "SVK"]
[BlackTeamCountry "SVK"]

1. d4 d5 2. c4 dxc4 3. Nf3 Nf6 4. e3 e6 5. Bxc4 a6 6. 0-0 c5 7. b3 Nc6 8. Bb2 Be7 9. Nbd2 0-0 10. dxc5 Bxc5 11. a3 b5 12. Be2 Bb7 13. b4 Be7 14. Rc1 Qb6 15. Qb3 Rfd8 16. Rfd1 Rac8 17. h3 h6 18. Bf1 Qa7 19. Nd4 Nxd4 20. Bxd4 Qb8 21. Qb2 Rxc1 22. Rxc1 Rc8 23. Rxc8+ Qxc8 24. Nb3 Bd5 25. Nc5 Qc6 26. f3 Ne8 27. Qc3 f5 28. Bd3 Nf6 29. Kf2 Kf7 30. Be2 Bd6 31. Be5 Bxe5 32. Qxe5 Nd7 33. Nxd7 Qxd7 34. Qd4 Qc6 35. Bd3 Bc4 36. Bb1 Qd5 37. Qxd5 Bxd5 38. e4 fxe4 39. fxe4 Bc6 40. e5 Ke7 41. g3 Bd5 42. Ke3 Kd7 43. Kd4 Kc6 44. Bg6 Kb6 45. h4 Kc6 46. Be8+ Kb6 47. Ke3 Kc7 48. Kf4 Kd8 49. Bg6 Ke7 50. g4 Kd7 51. g5 Ke7 52. Bc2 Bg2 53. gxh6 gxh6 54. Ke3 Kd7 55. Bb3 Bh3 56. Bd1 Bg2 57. Bb3 Bh3 58. Bd1 Bg2 59. Bg4 Bd5 60. Kd4 Kc6 61. Bh3 Kb6 62. Bg4 Kc6 63. Bh5 Kb6 64. Ke3 Kc7 65. Kd4 Kb6 66. Be8 Bc6 67. Bf7 Bd7 68. Ke4 Kc6 69. Bg6 Bc8 70. Be8+ Bd7 71. Bh5 Kb6 72. Kf4 Kc6 73. Bf3+ Kc7 74. Kg4 Be8 75. Be4 Bf7 76. Kf4 Be8 77. Ke3 Kb6 78. Kd4 Bh5 79. Bc2 Be8 80. Bb3 Bf7 81. Ke3 Kc6 82. Ke4 Bg6+ 83. Kf4 Bf7 84. Kg4 Kd7 85. a4 bxa4 86. Bxa4+ Kc7 87. Bb3 Kb6 88. Bc4 a5 89. bxa5+ Kxa5 90. Bxe6 Bxe6+ 91. Kh5 Kb5 92. Kxh6 Kc5 93. Kg5 Kd5 94. Kf4 Bf7 95. Kf5 Be6+ 96. Kf6 Bg4 97. e6 Bxe6 98. h5 Bg8 99. Kg6 Ke5 100. h6 Ba2 1/2-1/2

[Event "SVK-chT1W 1819"]
[Site "Slovakia"]
[Date "2018.11.24"]
[Round "3.1"]
[White "Lipka, Juraj"]
[Black "Chovan, Milan"]
[Result "1-0"]
[WhiteElo "2412"]
[BlackElo "2329"]
[PlyCount "83"]
[EventDate "2018.10.27"]
[EventType "team-tourn"]
[EventRounds "11"]
[EventCountry "SVK"]
[SourceTitle "CBM 187 Extra"]
[Source "ChessBase"]
[SourceDate "2018.11.04"]
[SourceVersion "1"]
[SourceVersionDate "2018.11.04"]
[SourceQuality "1"]
[WhiteTeam "Bratislava Lokomotiva"]
[BlackTeam "Nitra ASK"]
[WhiteTeamCountry "SVK"]
[BlackTeamCountry "SVK"]

1. d4 Nf6 2. Nf3 g6 3. Bg5 Bg7 4. Nbd2 0-0 5. c3 d6 6. e4 c5 7. dxc5 dxc5 8. Bc4 Nc6 9. 0-0 Qc7 10. h3 h6 11. Be3 b6 12. Qe2 Bb7 13. Ba6 Nd7 14. Bxb7 Qxb7 15. a4 Rad8 16. Nc4 Qc7 17. Nfd2 Nd4 18. Qd1 f5 19. exf5 Nxf5 20. Qc2 Kh7 21. Rae1 a6 22. Nf3 b5 23. axb5 axb5 24. Na3 Qb7 25. Qb3 Nd6 26. Nd2 Qc6 27. Re2 e5 28. Rd1 e4 29. Nf1 Nb6 30. Red2 Nbc4 31. Nxc4 bxc4 32. Qa3 Rf5 33. Ng3 Re5 34. Bf4 Re6 35. Qa2 Ra8 36. Qb1 Nf7 37. Rd7 Kg8 38. Rc7 Qb6 39. Rdd7 Rf8 40. Nxe4 g5 41. Bd6 Be5 42. Rb7 1-0

[Event "SVK-chT1W 1819"]
[Site "Slovakia"]
[Date "2018.10.27"]
[Round "1.1"]
[White "Szegi, Tamas"]
[Black "Chovan, Milan"]
[Result "0-1"]
[WhiteElo "2170"]
[BlackElo "2332"]
[PlyCount "66"]
[EventDate "2018.10.27"]
[EventType "team-tourn"]
[EventRounds "11"]
[EventCountry "SVK"]
[SourceTitle "CBM 187 Extra"]
[Source "ChessBase"]
[SourceDate "2018.11.04"]
[SourceVersion "1"]
[SourceVersionDate "2018.11.04"]
[SourceQuality "1"]
[WhiteTeam "Batorove Kosihy"]
[BlackTeam "Nitra ASK"]
[WhiteTeamCountry "SVK"]
[BlackTeamCountry "SVK"]

1. e4 e5 2. f4 exf4 3. Nf3 g5 4. Bc4 Bg7 5. h4 h6 6. d4 d6 7. 0-0 g4 8. Nh2 f3 9. g3 Nc6 10. c3 Nf6 11. Nd2 0-0 12. Bd3 Bd7 13. Re1 Nh5 14. Ndf1 Ne7 15. Be3 d5 16. e5 f5 17. Qd2 Nc6 18. e6 Bxe6 19. Bxh6 Qf6 20. Bg5 Qf7 21. b4 Rae8 22. b5 Nb8 23. Kf2 Nf6 24. Ne3 Nh5 25. c4 dxc4 26. d5 cxd3 27. dxe6 Rxe6 28. Qxd3 Bxa1 29. Rxa1 Rd6 30. Qc2 f4 31. gxf4 g3+ 32. Kxf3 gxh2 33. f5 Ng7 0-1

[Event "Pardubice Czech op-A 29th"]
[Site "Pardubice"]
[Date "2018.07.26"]
[Round "7"]
[White "Chovan, Milan"]
[Black "Fieberg, Samuel"]
[Result "1-0"]
[WhiteElo "2331"]
[BlackElo "2211"]
[PlyCount "55"]
[EventDate "2018.07.20"]
[EventType "swiss"]
[EventRounds "9"]
[EventCountry "CZE"]
[SourceTitle "CBM 185 Extra"]
[Source "ChessBase"]
[SourceDate "2018.07.29"]
[SourceVersion "1"]
[SourceVersionDate "2018.07.29"]
[SourceQuality "1"]

1. d4 g6 2. c4 c6 3. Nc3 d5 4. Bf4 Bg7 5. e3 Nf6 6. Nf3 0-0 7. Rc1 Nh5 8. Be5 f6 9. Bxb8 Rxb8 10. cxd5 cxd5 11. Nxd5 Kh8 12. Nc3 f5 13. Be2 Nf6 14. Qb3 e6 15. 0-0 a6 16. Bxa6 Nd5 17. Bc4 Nxc3 18. Rxc3 Qd6 19. Bb5 f4 20. Rd1 fxe3 21. Rxe3 Rxf3 22. Rxf3 Bxd4 23. Qa3 Qxa3 24. bxa3 e5 25. Rf8+ Kg7 26. Re8 Ra8 27. Bd7 Bxd7 28. Rxa8 1-0

[Event "Pardubice Czech op-A 29th"]
[Site "Pardubice"]
[Date "2018.07.23"]
[Round "4"]
[White "Hrdina, Robin"]
[Black "Chovan, Milan"]
[Result "1/2-1/2"]
[WhiteElo "2193"]
[BlackElo "2331"]
[PlyCount "58"]
[EventDate "2018.07.20"]
[EventType "swiss"]
[EventRounds "9"]
[EventCountry "CZE"]
[SourceTitle "CBM 185 Extra"]
[Source "ChessBase"]
[SourceDate "2018.07.29"]
[SourceVersion "1"]
[SourceVersionDate "2018.07.29"]
[SourceQuality "1"]

1. e4 e5 2. Nf3 Nc6 3. Bb5 a6 4. Ba4 Nf6 5. 0-0 b5 6. Bb3 Bb7 7. Re1 Bc5 8. c3 d6 9. d4 Bb6 10. a4 h6 11. h3 0-0 12. axb5 axb5 13. Rxa8 Qxa8 14. d5 Ne7 15. Nh4 Nh7 16. Be3 Bxe3 17. Rxe3 Kh8 18. Na3 Qa5 19. Nc2 Bc8 20. g4 Bd7 21. Nb4 Ng5 22. Kh2 Ng6 23. Ng2 Qb6 24. Qa1 Nf4 25. Qa6 Qc5 26. Nxf4 exf4 27. Nd3 Qb6 28. Qxb6 cxb6 29. Nxf4 Re8 1/2-1/2

[Event "SVK-chT1W 1718"]
[Site "Slovakia"]
[Date "2018.02.18"]
[Round "9.1"]
[White "Farkas, Gabor"]
[Black "Chovan, Milan"]
[Result "1/2-1/2"]
[WhiteElo "2386"]
[BlackElo "2295"]
[PlyCount "95"]
[EventDate "2017.10.21"]
[EventType "team-tourn"]
[EventRounds "11"]
[EventCountry "SVK"]
[SourceTitle "EXT 2019"]
[Source "ChessBase"]
[SourceDate "2018.10.10"]
[SourceVersion "1"]
[SourceVersionDate "2018.10.10"]
[SourceQuality "1"]
[WhiteTeam "Gabcikovo Russel"]
[BlackTeam "Nitra ASK"]
[WhiteTeamCountry "SVK"]
[BlackTeamCountry "SVK"]

1. d4 Nf6 2. c4 g6 3. Nc3 d5 4. Nf3 Bg7 5. Bf4 0-0 6. Rc1 dxc4 7. e4 Bg4 8. Bxc4 Nh5 9. Be3 Bxf3 10. gxf3 e5 11. dxe5 Bxe5 12. Qxd8 Rxd8 13. Ne2 Nd7 14. f4 Bxb2 15. Rb1 Ba3 16. Rxb7 Rab8 17. Rxb8 Rxb8 18. 0-0 Rb4 19. Bd3 Rb2 20. Nc3 Bb4 21. Nd5 Bc5 22. Rc1 Bxe3 23. fxe3 c5 24. a4 Kg7 25. Bb5 Ndf6 26. Nxf6 Nxf6 27. e5 Ng4 28. Rxc5 Nxe3 29. Rc7 Rg2+ 30. Kh1 Rc2 31. Rxc2 Nxc2 32. Kg2 Nd4 33. Bc4 h6 34. Kf2 Kf8 35. Ke3 Ne6 36. a5 Ke7 37. Bd3 Nc5 38. Be2 a6 39. Kd4 Nb3+ 40. Kd5 Nxa5 41. Bxa6 Nb3 42. Bb7 Nd2 43. Bc8 Nf1 44. h3 Ng3 45. Bg4 g5 46. fxg5 hxg5 47. Kd4 f6 48. exf6+ 1/2-1/2

[Event "SVK-chT 1718"]
[Site "Slovakia"]
[Date "2018.01.07"]
[Round "8.2"]
[White "Chovan, Milan"]
[Black "Schwarz, Dusan"]
[Result "1-0"]
[WhiteElo "2292"]
[BlackElo "2306"]
[PlyCount "75"]
[EventDate "2017.09.30"]
[EventType "team-tourn"]
[EventRounds "11"]
[EventCountry "SVK"]
[SourceTitle "EXT 2019"]
[Source "ChessBase"]
[SourceDate "2018.10.10"]
[SourceVersion "1"]
[SourceVersionDate "2018.10.10"]
[SourceQuality "1"]
[WhiteTeam "Podhajska Aquamarin"]
[BlackTeam "Modra"]
[WhiteTeamCountry "SVK"]
[BlackTeamCountry "SVK"]

1. d4 Nf6 2. c4 c5 3. d5 e6 4. Nc3 exd5 5. cxd5 d6 6. Nf3 g6 7. Nd2 Bg7 8. e4 0-0 9. Be2 Na6 10. 0-0 Nc7 11. a4 Nfe8 12. Nc4 f5 13. f3 b6 14. Be3 Rb8 15. Qd2 Bd7 16. Bg5 Bf6 17. Bxf6 Qxf6 18. Rad1 a6 19. e5 dxe5 20. d6 Ne6 21. Qd5 Qd8 22. Nxe5 Nf6 23. Qa2 Kg7 24. Bxa6 Nd4 25. Bc4 Be8 26. Nb5 Bxb5 27. Bxb5 Qxd6 28. Nc6 Rbc8 29. Qc4 Nxb5 30. axb5 Qc7 31. Rfe1 Rfe8 32. b4 cxb4 33. Qxb4 Rxe1+ 34. Rxe1 Re8 35. Ra1 Kh6 36. Ra7 Qc8 37. Qh4+ Nh5 38. f4 1-0

[Event "SVK-chT 1718"]
[Site "Slovakia"]
[Date "2017.11.11"]
[Round "3.5"]
[White "Hrabusa, Matej"]
[Black "Chovan, Milan"]
[Result "1/2-1/2"]
[WhiteElo "2359"]
[BlackElo "2292"]
[PlyCount "97"]
[EventDate "2017.09.30"]
[EventType "team-tourn"]
[EventRounds "11"]
[EventCountry "SVK"]
[SourceTitle "CBM 181 Extra"]
[Source "ChessBase"]
[SourceDate "2017.12.12"]
[SourceVersion "1"]
[SourceVersionDate "2017.12.12"]
[SourceQuality "1"]
[WhiteTeam "Liptov Chess School"]
[BlackTeam "Podhajska Aquamarin"]
[WhiteTeamCountry "SVK"]
[BlackTeamCountry "SVK"]

1. d4 Nf6 2. Nf3 g6 3. Nbd2 Bg7 4. e4 d6 5. Bd3 0-0 6. 0-0 b6 7. Re1 Bb7 8. c4 e5 9. d5 a5 10. Rb1 Na6 11. Bf1 Nc5 12. b3 Nh5 13. a3 Nf4 14. Qc2 Bc8 15. b4 Nb7 16. Bb2 g5 17. g3 Ng6 18. Nb3 f5 19. exf5 Bxf5 20. Bd3 Bxd3 21. Qxd3 Qf6 22. Nfd2 Qxf2+ 23. Kh1 Qf5 24. Qxf5 Rxf5 25. Ne4 g4 26. Bc1 axb4 27. axb4 h6 28. Be3 Ne7 29. Nc3 Rf7 30. Nb5 Nf5 31. Bg1 Ra4 32. Nd2 Ra2 33. Ne4 Nd4 34. Bxd4 exd4 35. Ra1 Rb2 36. Ra8+ Rf8 37. Ra7 Nd8 38. Nxc7 Be5 39. Ne8 d3 40. N8xd6 Re2 41. Rg1 Bd4 42. Rd1 d2 43. Nxd2 Rxd2 44. Re1 Rdf2 45. h3 Bc3 46. Rb1 Be5 47. Nc8 R2f7 48. Rxf7 Rxf7 49. Nxb6 1/2-1/2

[Event "SVK-chT 1718"]
[Site "Slovakia"]
[Date "2017.10.01"]
[Round "2.2"]
[White "Chovan, Milan"]
[Black "Nayhebaver, Martin"]
[Result "1-0"]
[WhiteElo "2292"]
[BlackElo "2440"]
[PlyCount "107"]
[EventDate "2017.09.30"]
[EventType "team-tourn"]
[EventRounds "11"]
[EventCountry "SVK"]
[SourceTitle "EXT 2018"]
[Source "ChessBase"]
[SourceDate "2017.10.13"]
[SourceVersion "1"]
[SourceVersionDate "2017.10.13"]
[SourceQuality "1"]
[WhiteTeam "Podhajska Aquamarin"]
[BlackTeam "Kosice Slavia UPJS"]
[WhiteTeamCountry "SVK"]
[BlackTeamCountry "SVK"]

1. d4 Nf6 2. c4 e6 3. Nc3 Bb4 4. Qc2 c5 5. dxc5 0-0 6. a3 Bxc5 7. Nf3 b6 8. Bg5 Bb7 9. e3 Be7 10. Be2 h6 11. Bh4 a6 12. 0-0 d6 13. Rfd1 Qc7 14. Rac1 Nbd7 15. h3 Rac8 16. Bg3 Rfd8 17. b4 Qb8 18. Qb1 Nf8 19. Nd2 Qa8 20. Bf1 N8d7 21. e4 Bc6 22. Re1 Nh5 23. Bh2 Bg5 24. Rc2 Ne5 25. Qd1 g6 26. g4 Nf4 27. h4 Nfd3 28. Bxd3 Nxd3 29. hxg5 Nxe1 30. Qxe1 hxg5 31. Qe3 f6 32. Qxb6 Rb8 33. Qd4 e5 34. Qe3 Kg7 35. f3 Qb7 36. Bg3 Qf7 37. Bf2 Rb7 38. Nb3 Rbd7 39. Na5 Ba8 40. Nd5 Rh8 41. Nb6 Rdd8 42. Nxa8 Rxa8 43. Rd2 Rh3 44. Kg2 Rah8 45. Bg1 Qd7 46. c5 R8h4 47. Rxd6 Qc8 48. Qe2 Rxf3 49. Qxf3 Rxg4+ 50. Kh1 Rf4 51. Qg2 Rxe4 52. Rd1 f5 53. Qxg5 Rg4 54. Qe7+ 1-0

[Event "Pardubice Czech op-A 28th"]
[Site "Pardubice"]
[Date "2017.07.23"]
[Round "3"]
[White "Chovan, Milan"]
[Black "Deac, Bogdan Daniel"]
[Result "1/2-1/2"]
[WhiteElo "2269"]
[BlackElo "2579"]
[PlyCount "67"]
[EventDate "2017.07.21"]
[EventType "swiss"]
[EventRounds "9"]
[EventCountry "CZE"]
[SourceTitle "CBM 179 Extra"]
[Source "ChessBase"]
[SourceDate "2017.08.23"]
[SourceVersion "1"]
[SourceVersionDate "2017.08.23"]
[SourceQuality "1"]

1. d4 Nf6 2. c4 e6 3. Nc3 Bb4 4. Qc2 b6 5. a3 Bxc3+ 6. Qxc3 Bb7 7. Bg5 h6 8. Bh4 g5 9. Bg3 Ne4 10. Qc2 d6 11. f3 Nxg3 12. hxg3 Nd7 13. e3 f5 14. Bd3 Qf6 15. Ne2 0-0-0 16. 0-0-0 h5 17. Nc3 f4 18. gxf4 gxf4 19. Be4 Ba6 20. Qa4 Nb8 21. exf4 Qxf4+ 22. Kb1 Rdg8 23. Rc1 Rxg2 24. Rxh5 Rgg8 25. Rxh8 Rxh8 26. d5 e5 27. Na2 Qd2 28. Nb4 Kb7 29. Nxa6 Nxa6 30. Qc6+ Kb8 31. c5 Nxc5 32. Rxc5 bxc5 33. Qb5+ Ka8 34. Qc6+ 1/2-1/2

[Event "Pardubice Czech op-A 28th"]
[Site "Pardubice"]
[Date "2017.07.22"]
[Round "2"]
[White "Kovalev, Andrei"]
[Black "Chovan, Milan"]
[Result "1/2-1/2"]
[WhiteElo "2517"]
[BlackElo "2269"]
[PlyCount "252"]
[EventDate "2017.07.21"]
[EventType "swiss"]
[EventRounds "9"]
[EventCountry "CZE"]
[SourceTitle "CBM 179 Extra"]
[Source "ChessBase"]
[SourceDate "2017.08.23"]
[SourceVersion "1"]
[SourceVersionDate "2017.08.23"]
[SourceQuality "1"]

1. e4 e5 2. Nf3 Nc6 3. Bb5 a6 4. Ba4 Nf6 5. 0-0 b5 6. Bb3 Bb7 7. d3 Be7 8. Nc3 0-0 9. Bd2 d6 10. a4 Na5 11. Ba2 b4 12. Ne2 c5 13. Ng3 Rb8 14. c3 b3 15. Bb1 Re8 16. Nf5 Bf8 17. Bg5 h6 18. Bh4 g6 19. Ne3 Bg7 20. Nd2 Qd7 21. Bxf6 Bxf6 22. Nec4 Nxc4 23. dxc4 a5 24. Nxb3 Qc7 25. Nd2 Bc8 26. b3 Bg5 27. Nf3 Bg4 28. Bc2 Be7 29. h3 Be6 30. Nh2 Bg5 31. Ng4 h5 32. Ne3 Bxe3 33. fxe3 Rb6 34. Rf6 Bc8 35. Qd2 Re6 36. Rf3 Bd7 37. Raf1 Be8 38. Qf2 Rb7 39. g4 hxg4 40. hxg4 Qd8 41. Qh2 Qg5 42. R1f2 Kg7 43. Kf1 Rc7 44. Bd1 Rb7 45. Ke1 Bc6 46. Qh3 Re8 47. Rh2 Rg8 48. Bc2 Re7 49. Kd2 Bd7 50. Rg3 Ree8 51. Qh7+ Kf8 52. Bd1 Be6 53. Qh3 Kg7 54. Qg2 Rh8 55. Rh5 Qd8 56. Rxh8 Rxh8 57. g5 Rh4 58. Qf2 Qe7 59. Rg1 Rh8 60. Kc1 Kf8 61. Kb2 Rh3 62. Ka3 Qb7 63. Bg4 Bxg4 64. Rxg4 Qe7 65. Rh4 Rxh4 66. Qxh4 Kg8 67. Qg4 Qb7 68. Kb2 Qc6 69. Kc2 Qb7 70. Qf3 Kh7 71. Qh3+ Kg8 72. Qg4 Kg7 73. Kb2 Kg8 74. Ka3 Kg7 75. Kb2 Kg8 76. Qf3 Qc6 77. Qg2 Qb7 78. Qc2 Qe7 79. Qg2 Qb7 80. Qc2 Qe7 81. b4 cxb4 82. cxb4 axb4 83. a5 Qc7 84. a6 Qa5 85. Qb3 Qxa6 86. Qxb4 Qc6 87. Qb5 Qc5 88. Kc2 Kg7 89. Kd3 Qa3+ 90. Ke2 Qc5 91. Kd3 Qc7 92. Qe8 f6 93. gxf6+ Kxf6 94. Qf8+ Kg5 95. Qe8 Qg7 96. Ke2 Qf6 97. Qd7 Kh4 98. Qh7+ Kg3 99. Qh6 Qf2+ 100. Kd3 Qf1+ 101. Kc3 Qc1+ 102. Kb4 Qb1+ 103. Ka5 Qxe4 104. Qg5+ Kf3 105. Qf6+ Kxe3 106. Qxd6 Qxc4 107. Qxe5+ Qe4 108. Qg3+ Ke2 109. Qh2+ Kd1 110. Qd6+ Ke2 111. Qh2+ Kf3 112. Qh1+ Kf4 113. Qh4+ Kf5 114. Qh3+ Kf6 115. Qh8+ Kg5 116. Qh2 Qd4 117. Ka6 Qf4 118. Qg2+ Kh6 119. Qh1+ Kg7 120. Qb7+ Qf7 121. Qg2 Qf6+ 122. Kb5 g5 123. Kc4 Qe6+ 124. Kd3 Kf6 125. Qe4 Qf5 126. Ke3 g4 1/2-1/2

[Event "Pardubice Czech op-A 28th"]
[Site "Pardubice"]
[Date "2017.07.21"]
[Round "1"]
[White "Chovan, Milan"]
[Black "Vorobiov, Evgeny E"]
[Result "1/2-1/2"]
[WhiteElo "2269"]
[BlackElo "2585"]
[PlyCount "60"]
[EventDate "2017.07.21"]
[EventType "swiss"]
[EventRounds "9"]
[EventCountry "CZE"]
[SourceTitle "CBM 179 Extra"]
[Source "ChessBase"]
[SourceDate "2017.08.23"]
[SourceVersion "1"]
[SourceVersionDate "2017.08.23"]
[SourceQuality "1"]

1. d4 Nf6 2. c4 g6 3. Nc3 Bg7 4. e4 d6 5. Nf3 0-0 6. Be2 Nbd7 7. 0-0 e5 8. Be3 Re8 9. d5 Nh5 10. g3 Bf8 11. b4 Ng7 12. Rc1 f5 13. exf5 gxf5 14. Bg5 Be7 15. Bxe7 Rxe7 16. Nh4 a5 17. a3 f4 18. Ne4 axb4 19. axb4 Rf7 20. Qc2 Nf8 21. Ra1 Rb8 22. Ra3 Ng6 23. Nf3 Rf8 24. Rc1 Bg4 25. Nfg5 Bf5 26. Bd3 Bxe4 27. Nxe4 Nf5 28. Qd1 Nd4 29. Qg4 Kh8 30. Kh1 Qe7 1/2-1/2

[Event "Zalakaros op 36th"]
[Site "Zalakaros"]
[Date "2017.05.25"]
[Round "8"]
[White "Chovan, Milan"]
[Black "Terbe, Julianna"]
[Result "1/2-1/2"]
[WhiteElo "2288"]
[BlackElo "2258"]
[PlyCount "113"]
[EventDate "2017.05.18"]
[EventType "swiss"]
[EventRounds "9"]
[EventCountry "HUN"]
[SourceTitle "CBM 178 Extra"]
[Source "ChessBase"]
[SourceDate "2017.06.22"]
[SourceVersion "1"]
[SourceVersionDate "2017.06.22"]
[SourceQuality "1"]

1. d4 d5 2. c4 c6 3. Nc3 Nf6 4. e3 g6 5. Nf3 Bg7 6. Be2 0-0 7. 0-0 Be6 8. cxd5 cxd5 9. Qb3 Qb6 10. Qxb6 axb6 11. b3 Nc6 12. Na4 Nd7 13. h3 h6 14. Bd2 g5 15. Bb5 Bf5 16. Rac1 Rfc8 17. Bc3 f6 18. Nd2 e6 19. f3 Bg6 20. e4 f5 21. e5 Bf8 22. Nb1 Rc7 23. a3 f4 24. b4 Rac8 25. Nd2 Be8 26. Nb3 Ncb8 27. Bb2 Rxc1 28. Rxc1 Rxc1+ 29. Bxc1 Bg6 30. h4 Be7 31. hxg5 hxg5 32. g3 fxg3 33. Kg2 Nc6 34. Be3 Kf7 35. Kxg3 Bf5 36. Nc1 Bd8 37. Ne2 Nf8 38. Kf2 Ng6 39. Nac3 Nh4 40. Ng3 Bg6 41. Be2 Na7 42. Bf1 Nf5 43. Nxf5 Bxf5 44. Be2 Be7 45. Kg3 Kg6 46. Nb5 Nc8 47. Bf1 Kf7 48. Bh3 Kg6 49. Bg4 Bd8 50. Bf2 Kf7 51. Bh5+ Ke7 52. Be3 Kd7 53. Nc3 Na7 54. Bg4 Kc6 55. Bh5 Kd7 56. Bg4 Kc6 57. Bh5 1/2-1/2

[Event "Zalakaros op 36th"]
[Site "Zalakaros"]
[Date "2017.05.24"]
[Round "7"]
[White "Szalanczy, Emil"]
[Black "Chovan, Milan"]
[Result "0-1"]
[WhiteElo "2230"]
[BlackElo "2288"]
[PlyCount "88"]
[EventDate "2017.05.18"]
[EventType "swiss"]
[EventRounds "9"]
[EventCountry "HUN"]
[SourceTitle "CBM 178 Extra"]
[Source "ChessBase"]
[SourceDate "2017.06.22"]
[SourceVersion "1"]
[SourceVersionDate "2017.06.22"]
[SourceQuality "1"]

1. c4 c5 2. g3 Nf6 3. Bg2 d5 4. Nf3 Nc6 5. 0-0 e5 6. d3 Be7 7. Nc3 d4 8. Na4 h6 9. e4 Be6 10. Kh1 Nd7 11. Ng1 f6 12. Bh3 Bf7 13. f4 Qc7 14. Bd2 Bd6 15. f5 b5 16. cxb5 Nb4 17. Bxb4 cxb4 18. Rc1 Qa5 19. b3 Qxb5 20. Nf3 0-0 21. Nb2 Rfc8 22. Nc4 Bf8 23. Nh4 a5 24. Ng6 Rc6 25. Bg4 Rca6 26. Nb2 Nc5 27. Bh5 Bd6 28. Rf2 a4 29. Rxc5 Bxc5 30. Nxa4 Bd6 31. Rc2 Rc6 32. Rxc6 Qxc6 33. Kg2 Rc8 34. Kh3 Qc2 35. Qf3 Qxa2 36. Nb6 Rc2 37. Qh1 Qxb3 38. Nd5 Qa2 39. Nge7+ Bxe7 40. Nxe7+ Kf8 41. Ng6+ Ke8 42. Bd1 Rd2 43. Bf3 b3 44. Bd1 Qb1 0-1